Länder mit den meisten Raumfahrern im All - Statistiken

Allgemein
  • Dieses Quiz wurde 195 mal gespielt
  • Das Durchschnittsergebnis liegt bei 10 aus 13
Antwortstatistiken
Platz Land Anzahl % Korrekt
5. Deutschland 10
100%
3. China 11
99%
2. Sowjetunion/Russland 120
99%
1. Vereinigte Staaten 336
98%
5. Frankreich 10
96%
3. Japan 11
94%
7. Kanada 9
94%
9. Vereinigtes Königreich 2
93%
8. Italien 7
88%
9. Niederlande 2
66%
9. Belgien 2
61%
9. Kasachstan 2
31%
9. Bulgarien 2
9%
Keine übereinstimmenden Quizze gefunden
Verteilung der Resultate
Anzahl Personen mit jedem Resultat
Perzentil nach korrekt beantworteten Fragen
Ihre Resultats-Entwicklung
Sie haben dieses Quiz noch nicht gespielt